Ústupky pre vyvolených
Ekonomický pokles v eurozóne. Vidina rýchleho oživenia a rušenie fiškálnych limitov platných v EÚ. Pakt rastu a stability. Ekonomiky starého kontinentu potrebujú štrukturálne reformy. Francúzsko porušuje limity EÚ. Uvoľnenie pravidiel Paktu rastu a stability. Ekonomický rast alebo fiškálna disciplí...
Salvato in:
| Autore principale: | |
|---|---|
| Natura: | Capitolo di libro |
| Lingua: | slovacco |
| Soggetti: | |
| Tags: |
Nessun Tag, puoi essere il primo ad aggiungerne!!
|
MARC
| LEADER | 00000naa$a2200000$$$4500 | ||
|---|---|---|---|
| 001 | 0004079 | ||
| 005 | 20230908083524.4 | ||
| 041 | 0 | |a slo | |
| 044 | |a SK | ||
| 245 | 1 | 0 | |a Ústupky pre vyvolených |c aut. Marcel Tirpák |
| 520 | |a Ekonomický pokles v eurozóne. Vidina rýchleho oživenia a rušenie fiškálnych limitov platných v EÚ. Pakt rastu a stability. Ekonomiky starého kontinentu potrebujú štrukturálne reformy. Francúzsko porušuje limity EÚ. Uvoľnenie pravidiel Paktu rastu a stability. Ekonomický rast alebo fiškálna disciplína. Ignorovanie fiškálnej disciplíny sa nepáči menším členom EÚ. | ||
| 610 | 2 | 0 | |a Európska únia |
| 610 | 2 | 0 | |a spolupráca hospodárska medzinárodná |
| 610 | 2 | 0 | |a situácia hospodárska |
| 610 | 2 | 0 | |a Francúzsko |
| 610 | 2 | 0 | |a deficit rozpočtový |
| 610 | 2 | 0 | |a rast hospodársky |
| 610 | 2 | 0 | |a stabilita hospodárstva |
| 610 | 2 | 0 | |a politika fiškálna |
| 100 | 1 | |a Tirpák, Marcel | |